| 000 | 01631cas a2200409 i 4500 | ||
|---|---|---|---|
| 001 | 11362623 | ||
| 003 | CSPC | ||
| 005 | 20251124104156.0 | ||
| 008 | 881116c19899999nyumr p 0 a0eng c | ||
| 010 |
_a 89656320 _zsn 88003754 |
||
| 016 | 7 |
_a9887654 _2DNLM |
|
| 016 | 7 |
_aSR0078138 _2DNLM |
|
| 016 | 7 |
_a008218447 _2Uk |
|
| 022 | 0 |
_a1041-4347 _l1041-4347 _21 |
|
| 035 | _a(OCoLC)18766852 | ||
| 040 |
_aNSD _beng _cNSD _drda |
||
| 050 | 0 | 0 |
_aQA76.76.E95 _bI36 |
| 050 | 4 |
_aQ334 _b.I44 |
|
| 082 | 0 | 0 |
_a006.3/3/05 _220 |
| 245 | 0 | 0 | _aIEEE transactions on knowledge and data engineering. |
| 246 | 1 | _aInstitute of Electrical and Electronics Engineers transactions on knowledge and data engineering | |
| 260 |
_aNew York, NY : _bInstitute of Electrical and Electronics Engineers, _c2007. |
||
| 300 |
_avolumes : _billustrations ; _c27 cm. |
||
| 336 |
_atext _btxt _2rdacontent |
||
| 337 |
_aunmediated _bn _2rdamedia |
||
| 338 |
_avolume _bnc _2rdacarrier |
||
| 490 | _aInstitute of electrical and electronics engineers transactions on knowledge and data engineering | ||
| 504 | _aIncludes bibliographical references. | ||
| 650 | 0 |
_aExpert systems (Computer science) _vPeriodicals. |
|
| 650 | 0 |
_aDatabase management _vPeriodicals. |
|
| 650 | 7 |
_aDatabase management. _2fast _0(OCoLC)fst00888037 |
|
| 650 | 7 |
_aExpert systems (Computer science) _2fast _0(OCoLC)fst00918516 |
|
| 655 | 7 |
_aPeriodicals. _2fast _0(OCoLC)fst01411641 |
|
| 700 | 1 |
_aWu Xindong. _eeditor. |
|
| 942 |
_2ddc _n0 _cSERIALS _h006.3/3/05 _i20 _kSER _m2007 |
||
| 999 |
_c30461 _d30461 |
||